000 00390pab a2200157 454500
008 180718b1983 xxu||||| |||| 00| 0 eng d
100 _aBledsoe, Ralph
245 _aForesight for the CEO (Chief Executive Officer)
260 _c1983
300 _a19-20
362 _aSummer
650 _aCivil Service - U.S.A.
700 _aRober F. Little John
773 _aBureaucrat
909 _a5853
999 _c5853
_d5853